000 00866nas a2200265 4500
001 BR0801088
003 BR-BrBNA
005 20231205111633.0
007 ta
008 230509b bl.|||p| |||| 00| 00por d
040 _aBR-BrBNA
_bpor
_cBiblioteca Nacional de Agricultura
041 _a(Pt)
072 _aL53
100 1 _aSchultz, Y.D.
100 1 _aFavaro, L.F.
100 1 _aSpach, H.L.
245 1 _aAspectos reprodutivos de Sphoeroides greeleyi (Gilbert), Pisces, Osteichthyes, Tetraodontidae, da gamboa do Baguaçu, Baia de Paranaguá, Paraná, Brasil
650 _aPEIXE
650 _aREPRODUÇÃO ANIMAL
650 _aBAIA DE PARANAGUÁ
650 _aPARANÁ
773 0 _tRevista Brasileira de Zoologia (Brazil)
_xISSN 0101-8175
_g(Mar 2002), v. 19(1) p. 66-76
_wBR0801088
909 _a202311
_bLúcia
_c55
_dLúcia Elande
942 _2AGRIS
_n0
_cANA
999 _c193674
_d193674